States and their nicknames! - Statistics

General Stats
  • This quiz has been taken 83 times
  • The average score is 43 of 50
Answer Stats
Nickname #1 Nickname #2 (if applicable) State % Correct
Empire State New York
98%
Grand Canyon State Arizona
94%
Aloha State Hawaii
94%
Mt Rushmore State South Dakota
94%
Golden State El Dorado State California
92%
Garden State New Jersey
92%
Lone Star State Texas
92%
Sunshine State Everglade State Florida
91%
Silver State Nevada
91%
Centennial State Mile High State Colorado
89%
Land of ten thousand Lakes Minnesota
89%
Buckeye State Ohio
89%
Evergreen State Washington
89%
The Last Frontier The Land of the Midnight Sun Alaska
88%
First State Delaware
88%
Peach State Empire State of the South Georgia
88%
Wolverine State Great Lakes State Michigan
88%
Show-Me State Gateway State Missouri
88%
Tar Heel State North Carolina
88%
Sooner State Oklahoma
88%
Palmetto State South Carolina
88%
Old Dominion Virginia
88%
Badger State America's Dairyland Wisconsin
88%
Equality State Cowboy State Wyoming
88%
Sunflower State Kansas
86%
Prairie State Land of Lincoln Illinois
85%
Hawkeye State Iowa
85%
Pine Tree State Maine
85%
Treasure State Big Sky State Montana
85%
Granite State New Hampshire
85%
Keystone State Pennsylvania
85%
Gem State Idaho
83%
Hoosier State Crossroads Of America Indiana
83%
Bluegrass State Kentucky
83%
Magnolia State Mississippi
83%
Cornhusker State Nebraska
83%
Peace Garden State North Dakota
83%
Ocean State Rhode island
83%
Volunteer State Tennessee
83%
Green Mountain State Vermont
82%
Heart of Dixie Yellowhammer State or Cotton State Alabama
80%
The Land of Enchantment The Colorful State New Mexico
80%
Beaver State Union State Oregon
80%
Beehive State Utah
80%
Mountain State Panhandle State West Virginia
80%
Natural State Arkansas
78%
Pelican State Louisiana
77%
Constitution State Connecticut
75%
Old Line State Maryland
72%
Bay State Massachusetts
71%
No matching quizzes found
Score Distribution
Percent of People with Each Score
Percentile by Number Answered
Your Score History
You have not taken this quiz